| 000 | 01052cam a2200313 i 4500 | ||
|---|---|---|---|
| 999 |
_c3633 _d3633 |
||
| 001 | 18398452 | ||
| 003 | GZU | ||
| 005 | 20201203082234.0 | ||
| 008 | 141206s2014 maua b 001 0 eng | ||
| 010 | _a 2014430971 | ||
| 020 | _a9780205902354 (pbk.) | ||
| 020 | _a0205902359 (pbk.) | ||
| 040 |
_aDLC _beng _erda _cDLC _dDLC |
||
| 042 | _apcc | ||
| 050 | 0 | 0 |
_aP 90 _b.TRE 2014 |
| 100 | 1 |
_aTrenholm, Sarah, _d1944- |
|
| 245 | 1 | 0 |
_aThinking through communication : _ban introduction to the study of human communication / _cSarah Trenholm, Ithaca College. |
| 250 | _aSeventh edition. | ||
| 264 | 1 |
_aBoston : _bPearson, _c[2014] |
|
| 300 |
_axix, 409 pages : _billustrations ; _c28 cm |
||
| 336 |
_atext _btxt _2rdacontent |
||
| 337 |
_aunmediated _bn _2rdamedia |
||
| 338 |
_avolume _bnc _2rdacarrier |
||
| 504 | _aIncludes bibliographical references (pages 379-397) and index. | ||
| 650 | 0 | _aCommunication. | |
| 906 |
_a7 _bcbc _corignew _d3 _encip _f20 _gy-gencatlg |
||
| 942 |
_2lcc _cBK _h90 _iTRE _kP |
||